000 00622cab a2200217 4500
001 WB2738-01
008 090401t1991 xxu||||| |||| 00| 0 eng d
035 _a(Sirsi) u1415
041 _aeng
245 _aHouse auctions
260 _c1991
350 _a0
490 _aObserver
_v29 September 1991, 33
490 _aDaily Telegraph
_v28 September 1991, 21(2)
520 _aDiscusses the increased use of auctions by lenders to clear the mounting backlog of unsold repossessed properties.
650 _aHOUSE SALES
650 _aREPOSSESSIONS
690 _aAuctioneering
_96218
942 _n0
948 _c04/03/1997
999 _c782
_d782